Finançament local i subsidiarietat : 13 maig 1999, Centre de Cultura Contemporània de Barcelona 13 maig 1999, Centre de Cultura Contemporània de Barcelona
Descripción Física:
[6] p. ; 15 cm
Otros Autores:
Consell Econòmic i Social de Barcelona
MARC
| LEADER | 00000nam a2200000Ia 4500 | ||
|---|---|---|---|
| 001 | 14814 | ||
| 008 | 160829s1999 xx 000 0 cat d | ||
| 080 | |a FU-31-10 | ||
| 245 | |a Finançament local i subsidiarietat : |b 13 maig 1999, Centre de Cultura Contemporània de Barcelona | ||
| 260 | |a [Barcelona] : |b Consell Econòmic i Social de Barcelona, |c 1999 | ||
| 300 | |a [6] p. ; |c 15 cm | ||
| 590 | |a Programa de la Jornada | ||
| 650 | |a Administració local |x Congressos |9 27317 | ||
| 650 | |a Finances locals |x Congressos |9 27318 | ||
| 700 | |a Consell Econòmic i Social de Barcelona |9 27319 | ||
| 901 | |a Arxiu | ||
| 942 | |n 1 | ||
| 952 | |0 0 |1 0 |4 0 |6 FU3110 |7 1 |9 44349 |a Arxiu |b Arxiu |d 2016-12-01 |l 0 |o FU-31-10 |p 14814 |r 2016-12-01 00:00:00 |w 2016-12-01 |y ARXIU | ||
| 999 | |c 46930 |d 46930 | ||